=LDR 00000nam 2200000 4500 =001 INLIS000000000009193 =005 20130612101018 =008 ***********************************Ind** =035 ##$$0010-061300000009193 =041 ##$$a Ind =082 ##$$a 005.369 =090 ##$$a 005.369, Sia-k =100 ##$$a Siahaan, Okto J =245 ##$$a Kreasi kalender dengan komputer, Okto J. Siahaan =260 ##$$a 1991 $b Jakarta =300 ##$$a 136 hlm., ilus., 21 cm =650 ##$$a Komputer-Program Kreasi Kalender =850 ##$$a NBPNMAT